Simulation Problemorientierte Einführung

Gespeichert in:
Bibliographische Detailangaben
1. Verfasser: Liebl, Franz
Format: Buch
Sprache:Deutsch
Veröffentlicht: München Oldenbourg 1992
Ausgabe:1. Aufl.
Schlagworte:
Tags: Tag hinzufügen
Keine Tags, Fügen Sie das erste Tag hinzu!

MARC

LEADER 00000nam a2200000 4500
001 c010144
005 20221206084847.3
020 |a 3-486-22109-4 
041 0 |a ger 
044 |a DE 
245 1 0 |a Simulation  |b Problemorientierte Einführung  |c Franz Liebl 
250 |a 1. Aufl. 
264 1 |a München  |b Oldenbourg  |c 1992 
300 |a 269 s. 
610 2 0 |a simulácia 
610 2 0 |a modely simulačné 
610 2 0 |a štúdie prípadové 
610 2 0 |a experimenty 
100 1 |a Liebl, Franz